Obras hidráulicas : auxilios para abastecimientos de agua a poblaciones. Real Decreto de 9 de junio de 1925 y disposiciones complementarias auxilios para abastecimientos de agua a poblaciones. Real Decreto de 9 de junio de 1925 y disposiciones complementarias
Descripción Física:
52 p. ; 16 cm
MARC
| LEADER | 00000nam a2200000Ia 4500 | ||
|---|---|---|---|
| 001 | 12362 | ||
| 008 | 160829s9999 xx 000 0 cat d | ||
| 080 | |a C-2-174 | ||
| 245 | |a Obras hidráulicas : |b auxilios para abastecimientos de agua a poblaciones. Real Decreto de 9 de junio de 1925 y disposiciones complementarias | ||
| 260 | |a Madrid : |b (Imp. Torrent), [193 - ?] | ||
| 300 | |a 52 p. ; |c 16 cm | ||
| 590 | |a Abans del títol: Ministerio de Obras Públicas | ||
| 650 | |a Aigua |x Abastament |x Espanya |9 33951 | ||
| 650 | |a Espanya. Lleis, etc. |9 46837 | ||
| 901 | |a Arxiu | ||
| 942 | |n 1 | ||
| 952 | |0 0 |1 0 |4 0 |6 C2174 |7 1 |9 46317 |a Arxiu |b Arxiu |d 2016-12-01 |l 0 |o C-2-174 |p 12362 |r 2016-12-01 00:00:00 |w 2016-12-01 |y ARXIU | ||
| 999 | |c 50102 |d 50102 | ||